[Event "Speed Chess Championship 2020"]
[Site "Online"]
[Date "2020.12.04"]
[Round "2.20"]
[White "Fedoseev, Vladimir"]
[Black "Nakamura, Hikaru"]
[Result "0-1"]
[WhiteElo "2676"]
[BlackElo "2736"]
[Annotator "TA"]
[PlyCount "32"]
[EventDate "2020.10.31"]
[EventType "k.o."]
[EventCountry "NET"]
[SourceTitle "playchess.com"]
[Source "ChessBase"]
[SourceQuality "1"]

{[%evp 9,32,8,0,-41,-21,-27,-22,-122,-140,-137,-112,-150,-148,-202,-61,-72,-37,-25,-37,-123,-123,-139,-122,-745,-733]} 1. b3 g6 2. Bb2 Nf6 3. g4 Bg7 4. g5 Nh5 5. Bxg7 Nxg7 6. Bg2 {A01: Nimzowitsch-Larsen Opening.} e5 7. h4 $1 h6 {[#]} 8. Nf3 $146 {[#]} (8. gxh6 $11 {remains equal.} Rxh6 9. d4) ({Predecessor:} 8. d4 hxg5 9. dxe5 Qe7 10. Nd2 g4 11. Nc4 Nc6 12. Qd5 Rxh4 13. Rxh4 Qxh4 14. O-O-O {½-½ (39) Rotstein,J (2393)-Bonnmann,R (2261) Cologne 2004}) 8... e4 $1 $17 {[%cal Re4f3]} 9. gxh6 Rxh6 10. Ng5 d5 11. d3 (11. d4 $17) 11... f6 ({Black should play} 11... Qf6 $19 12. Nd2 Nf5 13. dxe4 Nxh4 14. Rxh4 Rxh4) 12. Nh3 $15 e3 $36 {[%mdl 2048] Black has good play.} 13. fxe3 Nf5 {[%mdl 64] [#] Double Attack} 14. Nf4 (14. Kd2 $1 $15) 14... Nxe3 $17 15. Qd2 d4 16. Bf3 $2 {[%mdl 8192]} (16. Nc3 $17) 16... Qd6 {Weighted Error Value: White=0.89/Black=0.22} 0-1

[Event "Speed Chess Championship 2020"]
[Site "Online"]
[Date "2020.12.04"]
[Round "2.21"]
[White "Carlsen, Magnus"]
[Black "Artemiev, Vladislav"]
[Result "0-1"]
[WhiteElo "2862"]
[BlackElo "2708"]
[Annotator "TA"]
[PlyCount "188"]
[EventDate "2020.10.31"]
[EventType "k.o."]
[EventCountry "NET"]
[SourceTitle "playchess.com"]
[Source "ChessBase"]
[SourceQuality "1"]

{[%evp 18,188,36,31,35,28,21,16,52,44,71,39,37,6,27,6,4,0,0,9,23,-16,-2,-33,-20,-19,0,-22,0,0,0,0,0,0,0,0,0,-181,-198,-196,-181,-210,-193,-510,-512,-488,-507,-508,-169,-570,425,-1985,-1118,-1783,-89,-99,-97,-106,-113,-168,-168,-183,-183,-208,-176,-265,-254,-329,-316,-290,-278,-302,-269,-250,-253,-291,-127,-127,0,-326,-335,-329,-308,-285,0,-288,-250,-250,-247,-247,-241,-245,-193,-448,-427,-570,-588,-817,-817,-818,-735,-703,-679,-655,-592,-910,-827,-739,-577,-952,-808,-1044,-1022,-1005,-596,-1334,-1345,-1379,-1381,-1354,-1341,-1275,-1114,-11904,-11430,-29976,-29977,-29978,-29975,-29979,-29980,-5724,-7742,-7208,-5832,-6995,-6950,-6813,-6269,-29976,-29976,-29982,-29983,-29983,-29983,-29986,-29987,-29987,-29988,-29988,-29988,-29989,-29989,-29989,-29990,-29991,-29992,-29992,-29991,-29991,-29992,-29992,-29993,-29993,-29994,-29994,-29995,-29995,-29996,-29997,-29998,-29998,-29999]} 1. e4 c5 2. Nf3 d6 3. d4 cxd4 4. Nxd4 Nf6 5. Nc3 a6 6. Be3 Ng4 7. Bg5 h6 8. Bh4 g5 9. Bg3 Bg7 10. h3 Nf6 {B90: Sicilian Najdorf: Unusual White 6th moves, 6 Be3 Ng4 and 6 Be3 e5.} 11. Bc4 Qb6 12. Bb3 (12. Nb3 {looks sharper.} O-O 13. Bd3 Nbd7 14. h4 g4 15. Bf4) 12... Nc6 {The position is equal.} 13. Nxc6 Qxc6 14. Qf3 Be6 15. O-O-O O-O {[#]} 16. Nd5 $146 ({Predecessor:} 16. e5 Qxf3 17. gxf3 dxe5 18. Bxe6 fxe6 19. Bxe5 Nd5 20. Bxg7 Kxg7 21. Nxd5 exd5 22. Rxd5 Rxf3 {½-½ (33) Leko,P (2739)-Carlsen,M (2810) Wijk aan Zee 2010}) 16... Bxd5 17. exd5 Qc7 18. h4 {White wants to play hxg5.} g4 19. Qf5 a5 {[%cal Ba6a5,Ba5a4][%mdl 32] White must now prevent ...a4.} 20. Rd4 b5 {Strongly threatening ...a4.} 21. a3 Rab8 22. Rhd1 a4 23. Ba2 b4 $1 {[%cal Rb4a3]} 24. Rxb4 Rxb4 25. axb4 a3 26. bxa3 Qc3 27. Qd3 $2 (27. Rd3 $11 Qe1+ 28. Rd1) 27... Qa1+ $19 28. Bb1 Rc8 $1 {[%cal Rc8c3] ...Rc3 is the strong threat.} 29. Kd2 {[#]} Rc3 $1 {[%cal Rc3d3]} 30. Qf5 $2 ({Of course not} 30. Qd4 Nh5) (30. Qa6 {is a better chance.} Ne4+ 31. Ke1) 30... Qxa3 31. Ke2 Qxb4 {aiming for ...Qc4+.} 32. Kf1 Ne4 $2 (32... Qb5+ 33. Kg1 Qe2) 33. Bf4 $2 (33. Kg1) 33... Qc5 $4 {[%mdl 8192]} (33... Qb5+ $19 {avoids the disaster.} 34. Ke1 Rc4) 34. Bc1 $4 {[%mdl 8192]} (34. Qxe4 $18 Rc4 35. Qe3) 34... Qb5+ 35. Kg1 Qxb1 $2 (35... Qe2 $19 {is more deadly.} 36. Rf1 {[#]} Bd4 $1 {[%mdl 512]} 37. Bxh6 g3) 36. Qxe4 $17 Qxc2 $40 {[%mdl 128] Black attacks with force.} (36... Rxc2 $6 37. g3 $11) 37. Qxc2 Rxc2 $19 {[%mdl 4096] Endgame KRB-KRB} 38. Be3 (38. h5 $17 {was worth a try.}) 38... h5 39. g3 Bf6 40. Kg2 Kg7 41. Rb1 (41. Bd4 $142) 41... Kg6 42. Rb8 Rc3 43. Rg8+ Kh7 44. Ra8 Rd3 45. Ra5 Kg6 46. Rb5 Be5 (46... Kf5 $19 {has better winning chances.} 47. Kf1 Ke5) 47. Rb7 $17 Bf6 $2 (47... Kf6 $17 48. Bg5+ Kg6 49. Rxe7 Rxd5) 48. Rb5 $19 Kf5 49. Ra5 Ke4 50. Ra4+ Kf5 ({Don't play} 50... Kxd5 51. Ra5+ Ke6 52. Rxh5 $17) 51. Ra5 Bd4 52. Bxd4 Rxd4 {KR-KR} 53. Ra7 Kf6 ({Less strong is} 53... Rxd5 54. Rxe7 Kf6 55. Ra7 $17) 54. Ra5 Re4 55. Ra8 $2 (55. Ra3 {might work better.}) 55... Re5 56. Ra5 e6 57. Ra8 Rxd5 58. Kf1 Rb5 59. Ke2 Rb2+ 60. Ke3 Rb3+ 61. Ke2 {Cut Off at move 61} Kg7 62. Rd8 d5 63. Rd7 Kg6 64. Rd8 f6 65. Rg8+ Kh7 66. Re8 e5 67. Rd8 d4 68. Rd7+ Kg6 69. Rd8 Kf5 70. Rh8 Ke4 71. Rxh5 d3+ 72. Ke1 Rb1+ 73. Kd2 Rf1 74. Rh8 Rxf2+ 75. Kc3 Rc2+ 76. Kb3 Rg2 77. Kc3 Rxg3 78. Rf8 f5 {Black mates.} 79. h5 Rh3 80. Ra8 Rxh5 81. Kd2 Rh2+ 82. Kc3 Rc2+ 83. Kb3 Rc7 84. Rd8 Ke3 85. Rd5 e4 86. Rxf5 d2 87. Rd5 Ke2 88. Rd4 d1=Q+ 89. Rxd1 Kxd1 {KR-K} 90. Kb4 g3 91. Kb5 g2 92. Kb6 Rc2 93. Kb7 g1=Q 94. Kb8 Qg7 {Weighted Error Value: White=0.61/Black=0.60} 0-1

[Event "Speed Chess Championship 2020"]
[Site "Online"]
[Date "2020.11.19"]
[Round "2.21"]
[White "So, Wesley"]
[Black "Duda, Jan-Krzysztof"]
[Result "0-1"]
[WhiteElo "2816"]
[BlackElo "2743"]
[Annotator "ChessBase"]
[PlyCount "150"]
[EventDate "2020.10.31"]
[EventType "k.o."]
[EventCountry "NET"]
[SourceTitle "playchess.com"]
[Source "ChessBase"]
[SourceQuality "1"]
[TimeControl "60+1"]

1. d4 {[%emt 0:00:01]} Nf6 {[%emt 0:00:01]} 2. c4 {[%emt 0:00:00]} c5 {[%emt 0:00:00]} 3. d5 {[%emt 0:00:01]} e6 {[%emt 0:00:00]} 4. Nc3 {[%emt 0:00:01]} d6 {[%emt 0:00:01]} 5. Nf3 {[%emt 0:00:01]} g6 {[%emt 0:00:00]} 6. e4 {[%emt 0:00:03]} Bg7 {[%emt 0:00:01]} 7. h3 {[%emt 0:00:00]} O-O {[%emt 0:00:01]} 8. Bd3 {[%emt 0:00:01]} exd5 {[%emt 0:00:03]} 9. cxd5 {[%emt 0:00:00]} Na6 {[%emt 0:00:01]} 10. O-O {[%emt 0:00:01]} Nc7 {[%emt 0:00:01]} 11. Re1 {[%emt 0:00:00]} Nd7 {[%emt 0:00:02]} 12. Bf4 {[%emt 0:00:02]} Qe7 {[%emt 0:00:01]} 13. a4 {[%emt 0:00:01]} Ne5 {[%emt 0:00:01]} 14. Nxe5 {[%emt 0:00:04]} Bxe5 {[%emt 0:00:00]} 15. Bxe5 {[%emt 0:00:00]} Qxe5 {[%emt 0:00:01]} 16. Qd2 {[%emt 0:00:01]} b6 {[%emt 0:00:03]} 17. Rad1 {[%emt 0:00:03]} Bd7 {[%emt 0:00:04]} 18. f4 {[%emt 0:00:02]} Qd4+ {[%emt 0:00:01]} 19. Kh2 {[%emt 0:00:03]} Bxa4 {[%emt 0:00:04]} 20. Nxa4 {[%emt 0:00:01]} Qxa4 {[%emt 0:00:00]} 21. e5 {[%emt 0:00:00]} dxe5 {[%emt 0:00:14]} 22. fxe5 {[%emt 0:00:00]} Nxd5 {[%emt 0:00:01]} 23. Be4 {[%emt 0:00:02]} Nc7 {[%emt 0:00:00]} 24. Bxa8 {[%emt 0:00:01]} Rxa8 {[%emt 0:00:01]} 25. Qd7 {[%emt 0:00:04]} Qxd7 {[%emt 0:00:08]} 26. Rxd7 {[%emt 0:00:00]} Ne6 {[%emt 0:00:02]} 27. Rf1 {[%emt 0:00:01]} Rf8 {[%emt 0:00:02]} 28. Rxa7 {[%emt 0:00:01]} b5 {[%emt 0:00:00]} 29. Rb7 {[%emt 0:00:02]} b4 {[%emt 0:00:00]} 30. h4 {[%emt 0:00:06]} h5 {[%emt 0:00:01]} 31. Rf6 {[%emt 0:00:01]} Nd4 {[%emt 0:00:01]} 32. Rd6 {[%emt 0:00:03]} Ne6 {[%emt 0:00:07]} 33. Rdd7 {[%emt 0:00:04]} Nd4 {[%emt 0:00:06]} 34. Kg3 {[%emt 0:00:02]} Ne6 {[%emt 0:00:02]} 35. Kf3 {[%emt 0:00:03]} Kg7 {[%emt 0:00:01]} 36. Rd6 {[%emt 0:00:04]} Nd4+ {[%emt 0:00:01]} 37. Ke4 {[%emt 0:00:01]} Kg8 {[%emt 0:00:08]} 38. Rd5 {[%emt 0:00:03]} Ne6 {[%emt 0:00:01]} 39. Rdd7 {[%emt 0:00:02]} c4 {[%emt 0:00:01]} 40. Rd5 {[%emt 0:00:09]} c3 {[%emt 0:00:01]} 41. Rxb4 {[%emt 0:00:03]} cxb2 {[%emt 0:00:03]} 42. Rxb2 {[%emt 0:00:00]} Ra8 {[%emt 0:00:01]} 43. Kf3 {[%emt 0:00:06]} Ra4 {[%emt 0:00:02]} 44. Kg3 {[%emt 0:00:01]} Rg4+ {[%emt 0:00:02]} 45. Kf3 {[%emt 0:00:01]} Rxh4 {[%emt 0:00:00]} 46. Re2 {[%emt 0:00:01]} Rf4+ {[%emt 0:00:03]} 47. Kg3 {[%emt 0:00:02]} Rg4+ {[%emt 0:00:00]} 48. Kf3 {[%emt 0:00:01]} Kg7 {[%emt 0:00:01]} 49. Ra5 {[%emt 0:00:02]} Nd4+ {[%emt 0:00:01]} 50. Ke3 {[%emt 0:00:10]} Nxe2 {[%emt 0:00:00]} 51. Kxe2 {[%emt 0:00:01]} Rxg2+ {[%emt 0:00:01]} 52. Kf3 {[%emt 0:00:00]} Rg5 {[%emt 0:00:00]} 53. Kf4 {[%emt 0:00:02]} Rf5+ {[%emt 0:00:01]} 54. Ke4 {[%emt 0:00:00]} h4 {[%emt 0:00:01]} 55. Ra7 {[%emt 0:00:01]} h3 {[%emt 0:00:02]} 56. Ra1 {[%emt 0:00:08]} h2 {[%emt 0:00:02]} 57. Rh1 {[%emt 0:00:00]} Rh5 {[%emt 0:00:01]} 58. Kf4 {[%emt 0:00:00]} Kf8 {[%emt 0:00:00]} 59. Kg4 {[%emt 0:00:01]} Ke7 {[%emt 0:00:01]} 60. Kg3 {[%emt 0:00:00]} Ke6 {[%emt 0:00:00]} 61. Kf4 {[%emt 0:00:01]} Rh8 {[%emt 0:00:05]} 62. Ke4 {[%emt 0:00:01]} Rh4+ {[%emt 0:00:01]} 63. Kf3 {[%emt 0:00:00]} Kxe5 {[%emt 0:00:00]} 64. Kg3 {[%emt 0:00:00]} g5 {[%emt 0:00:01]} 65. Kg2 {[%emt 0:00:01]} Kf5 {[%emt 0:00:00]} 66. Rf1+ {[%emt 0:00:01]} Rf4 {[%emt 0:00:01]} 67. Kh1 {[%emt 0:00:00]} Rxf1+ {[%emt 0:00:01]} 68. Kxh2 {[%emt 0:00:01]} Rf4 {[%emt 0:00:01]} 69. Kg3 {[%emt 0:00:01]} Ke4 {[%emt 0:00:01]} 70. Kg2 {[%emt 0:00:00]} f5 {[%emt 0:00:00]} 71. Kg3 {[%emt 0:00:01]} Ke3 {[%emt 0:00:00]} 72. Kg2 {[%emt 0:00:00]} Ke2 {[%emt 0:00:00]} 73. Kg3 {[%emt 0:00:01]} Rg4+ {[%emt 0:00:00]} 74. Kh3 {[%emt 0:00:04]} Kf2 {[%emt 0:00:00]} 75. Kh2 {[%emt 0:00:07]} Rh4# {[%emt 0:00:00]} 0-1

[Event "Speed Chess Championship 2020"]
[Site "Online"]
[Date "2020.12.03"]
[Round "2.21"]
[White "Vachier-Lagrave, Maxime"]
[Black "Aronian, Levon"]
[Result "0-1"]
[WhiteElo "2784"]
[BlackElo "2781"]
[Annotator "TA"]
[PlyCount "58"]
[EventDate "2020.10.31"]
[EventType "k.o."]
[EventCountry "NET"]
[SourceTitle "playchess.com"]
[Source "ChessBase"]
[SourceQuality "1"]

{[%evp 12,58,12,17,27,11,18,10,10,9,10,4,7,7,27,0,18,0,9,-14,0,0,0,0,0,0,8,-8,0,0,0,0,0,0,0,-10,-10,-10,-10,-10,0,-6,0,0,0,0,0,-1491,-1474]} 1. e4 e5 2. Nf3 Nc6 3. Bc4 Nf6 4. d3 Bc5 5. O-O d6 6. c3 O-O 7. Re1 {outshines the older 7.Bb3.} a5 {[%cal Ba7a5,Ba5a4][%mdl 32] C54: Giuoco Piano: 4 c3 Nf6, main lines with 5 d4 and 5 d3.} 8. Nbd2 Be6 9. Bb5 Qb8 {The position is equal.} 10. Nf1 Qa7 11. Be3 Bxe3 12. Nxe3 {[#]} a4 $1 $146 {[%mdl 8] A top novelty.} ({Predecessor:} 12... Qb6 13. a4 Ng4 14. Qd2 Nxe3 15. Rxe3 Ne7 16. d4 Ng6 17. Ng5 c6 18. Bf1 Rad8 19. Nxe6 fxe6 {1-0 (57) Adams,M (2701)-Anton Guijarro,D (2703) Biel 2020}) 13. Qc2 (13. d4 $5 {[%cal Rd4d5]} Ne7 14. Qc2 $11 (14. dxe5 dxe5 15. Ng5 Qb6 $11)) 13... Ne7 14. Bc4 Bxc4 15. dxc4 Qc5 16. b4 axb3 17. axb3 Qc6 18. Nd2 g6 19. g3 Kg7 20. Qd3 h5 21. h4 Ra6 22. b4 Rfa8 23. Nc2 {[#] aiming for b5.} Rxa1 24. Rxa1 Rxa1+ 25. Nxa1 Qa4 26. Nc2 b6 27. Ne3 Ng4 28. Nxg4 Qd1+ 29. Nf1 $2 {[%mdl 8192] [#]} (29. Kg2 $11 hxg4 30. c5 bxc5 31. bxc5 dxc5 32. Qd8) 29... Qxd3 {Weighted Error Value: White=0.42/Black=0.04} 0-1

[Event "Speed Chess Championship 2020"]
[Site "Online"]
[Date "2020.12.04"]
[Round "2.21"]
[White "Nakamura, Hikaru"]
[Black "Fedoseev, Vladimir"]
[Result "0-1"]
[WhiteElo "2736"]
[BlackElo "2676"]
[Annotator "TA"]
[PlyCount "98"]
[EventDate "2020.10.31"]
[EventType "k.o."]
[EventCountry "NET"]
[SourceTitle "playchess.com"]
[Source "ChessBase"]
[SourceQuality "1"]

{[%evp 9,98,8,35,2,12,-14,31,26,20,36,71,42,93,89,102,38,29,53,37,37,41,22,22,-52,-10,-18,0,0,13,0,6,-94,173,47,82,0,0,0,0,0,0,0,0,0,0,0,0,0,0,0,0,-156,-170,-177,-162,-162,-124,-157,0,-154,0,-162,-128,-238,-243,-421,0,0,0,0,0,0,0,-254,-280,-193,0,0,0,0,72,-578,0,0,0,0,0,0,0,0,0]} 1. e4 c6 2. Nc3 d5 3. Nf3 d4 4. Ne2 c5 5. Ng3 Nc6 6. Bc4 {B11: Caro-Kann: Two Knights Variation.} e6 7. a3 {[#]} h5 $146 ({Predecessor:} 7... Nf6 8. d3 Bd6 9. Qe2 Qc7 10. O-O O-O 11. Bd2 b6 12. b4 Nd7 13. Rab1 Bb7 {½-½ (27) Priyadharshan,K (2462)-Menna Barreto,F (2275) Saint Louis 2015}) 8. h3 {White is slightly better.} h4 9. Ne2 Bd6 10. d3 f6 (10... Nge7 $14) 11. c3 $16 {[%cal Rc3d4]} e5 12. Bxg8 (12. Nxh4 $16 {And now Ng6 would win.} Nge7 13. Nf3) 12... Rxg8 $14 13. Nxh4 Be6 14. Nf5 Bf8 15. c4 Qd7 16. g4 ({White should try} 16. O-O $11) 16... b5 17. b3 $1 bxc4 18. bxc4 Rb8 19. f4 g6 20. Nh4 (20. Nfg3 $11) 20... Na5 $2 {[%mdl 8192] [#]} (20... Qh7 $1 $17 {[%cal Rh7h4]} 21. Nf3 Bxg4 {[%mdl 64] Double Attack, Pin}) 21. f5 (21. Nxg6 $1 $18 {[%mdl 512]} Rxg6 22. f5 Bxf5 23. exf5) 21... gxf5 22. Nxf5 (22. exf5 $16 Bf7 23. Bd2) 22... Bxf5 $11 23. gxf5 Rb6 24. Kf2 Nb3 25. Rb1 Nxc1 ({Don't go for} 25... Qg7 $2 26. Rg1 $18) 26. Qxc1 Qh7 ({But not} 26... Qg7 $6 27. Rg1 $16) 27. Rxb6 axb6 28. Qb1 Qh4+ 29. Kf1 Qh5 30. Qb5+ $2 (30. Rh2 $11) 30... Ke7 $17 {[%mdl 1024] Black has strong compensation.} 31. Rh2 Qf3+ {[%mdl 64] Double Attack} 32. Ke1 {[#]} Qe3 $1 {[%csl Ge3][%cal Rg8g1][%mdl 512]} 33. Kf1 Qf3+ $40 {[%mdl 128] Black mounts an attack.} 34. Ke1 {[#]} Qe3 $1 {[%csl Ge3][%cal Rg8g1][%mdl 512]} 35. Kf1 {aiming for Qc6.} Qxd3 {( -> ...Bh6)} 36. Qc6 (36. Qxb6 $17 {is the only way for White.} Qxc4 37. Kf2) 36... Qxc4 $19 37. Kf2 $2 (37. h4) 37... Bh6 $2 ({Black should play} 37... Qb3 $19 {Strongly threatening ...Kf7.} 38. a4 Kf7) 38. Qc7+ $11 Ke8 {Hoping for ...Rg7.} 39. Qc8+ Ke7 40. Qc7+ Kf8 {...Rg7 is the strong threat.} 41. Qd8+ $2 {[%mdl 8192]} (41. Qd6+ $1 $11 {and White is okay.} Kg7 42. Rg2+ Kh7 43. Rxg8 Be3+ 44. Kf3 Qxg8 45. Qxf6) 41... Kg7 $19 42. Rg2+ Kh7 $2 ({Better is} 42... Bg5 $19 43. Qxb6 Kh7) 43. Rxg8 $11 {White wants to mate with Rh8+.} Qxg8 44. Qxf6 d3 (44... Qg7 $11 {keeps the balance.} 45. Qxb6 Qg5) 45. Ng3 $2 {[%mdl 8192] [#]} (45. Qe7+ $1 $16 Kh8 46. Qd6 (46. Qxe5+ Bg7 $11)) 45... d2 $2 (45... Bg5 $1 $19 {[%cal Rg5f6]} 46. Qxb6 {[#]} Bh4 $1 {[%mdl 512]} 47. Qc7+ Qg7 48. Qxg7+ Kxg7) 46. Qd6 {The position is equal.} Qg5 47. Qd7+ Kh8 48. Qe8+ Kg7 49. Nh5+ Kh7 {[%mdl 32768] Weighted Error Value: White=0.54/Black=0.64. Sensor Board Error (Ke4/e5)?} 0-1

[Event "Speed Chess Championship 2020"]
[Site "Online"]
[Date "2020.12.03"]
[Round "2.22"]
[White "Aronian, Levon"]
[Black "Vachier-Lagrave, Maxime"]
[Result "0-1"]
[WhiteElo "2781"]
[BlackElo "2784"]
[Annotator "TA"]
[PlyCount "166"]
[EventDate "2020.10.31"]
[EventType "k.o."]
[EventCountry "NET"]
[SourceTitle "playchess.com"]
[Source "ChessBase"]
[SourceQuality "1"]

{[%evp 10,166,0,0,8,-2,8,-22,-7,-12,-15,-14,0,0,0,0,24,0,0,0,7,-3,30,29,31,29,37,57,67,33,83,27,0,-68,-64,-44,-66,-95,-97,-139,-137,-137,-111,-113,-97,-95,-95,-95,-95,-98,-106,-152,-150,-145,-75,-123,-125,-125,-125,-125,-125,-137,-121,-179,-152,-144,-144,-142,-143,-154,-140,-144,-97,-109,-91,-98,-29,-29,-29,-29,-29,-29,-15,-15,-15,-15,-15,-15,-15,-15,-15,-16,-15,-15,-15,-16,-8,-8,-8,-16,-16,-16,-16,-16,0,-15,0,-16,0,-16,-16,-16,-7,-15,-8,-15,-8,-15,-15,-16,-15,-16,-16,-16,-15,-16,0,-15,-15,-15,-15,-16,-16,-16,-16,-16,-16,-93,-8,-20,-6,-8,-6,-8,0,-29963,-12806,-29970,-29971,-29974,-29977,-29976,-29978,-29978,-29979,-29979,-29979,-29983,-29977]} 1. e4 c5 2. Nf3 d6 3. Bc4 Nf6 4. d3 e6 5. O-O Be7 6. Bb3 O-O {B50: Sicilian: 2...d6, Miscellaneous.} 7. Re1 b5 $5 {[%mdl 4] Leaves trodden paths.} 8. Nc3 a6 {The position is equal.} 9. Ne2 Bb7 10. Ng3 Nc6 11. c3 {[#]} Re8 $146 ({Predecessor:} 11... Rc8 12. Bc2 Ne5 13. h3 Qc7 14. Nh2 Ng6 15. Bg5 d5 16. Bxf6 Bxf6 17. Ng4 Bh4 {0-1 (47) Milonakis,G (2285)-Antova,G (2246) Heraklion 2019}) 12. d4 Bf8 13. Bg5 h6 14. Bxf6 Qxf6 15. d5 exd5 16. Bxd5 Rad8 17. a4 b4 18. cxb4 cxb4 19. Rc1 (19. Nh5 $5 {[%cal Rh5f6]} Qe7 20. Rc1 $14) 19... Na5 {[%cal Bc6a5,Ba5b7,Bb7c5][%mdl 32]} 20. Bxb7 (20. Qd2 $16 Rc8 21. Rxc8 (21. Qxb4 Bxd5 22. Rxc8 Rxc8 $16) 21... Rxc8 22. Qxb4 Bxd5 23. exd5) 20... Nxb7 $11 21. Qd4 (21. Nd4 $11) 21... Qxd4 $1 $15 22. Nxd4 Nc5 23. Red1 Nxa4 24. Ra1 Nxb2 25. Rdb1 Nd3 26. Nc6 Rc8 27. Nxb4 Nxb4 28. Rxb4 {[#]} d5 $1 {[%mdl 512]} 29. Rba4 (29. exd5 Bxb4) 29... dxe4 30. Nxe4 Rc2 31. g4 {[#]} Re6 ({Better is} 31... a5 $1 {[%mdl 512]} 32. Kg2 (32. Rxa5 Rxe4) 32... Bb4) 32. Rd4 Be7 33. Raa4 g6 34. Kg2 Kg7 35. Kf3 Rb2 36. Rd5 (36. Rdc4 $17) 36... Rb3+ 37. Kg2 Rb4 38. Rxb4 Bxb4 $17 {[%mdl 4096] Endgame KRB-KRN} 39. Nc5 Rc6 40. Nd3 Bd6 41. Ne5 Bxe5 42. Rxe5 {[#] KR-KR} Kf6 (42... Rc4 $1 $17 {[%cal Rc4g4]} 43. Kf3 Ra4) 43. Ra5 $11 Ke6 44. h4 $1 Kd7 45. h5 gxh5 46. Rxh5 Rf6 47. Ra5 Kc7 48. Ra1 Kb6 49. Rb1+ Kc5 50. Ra1 Kb5 {Hoping for ...a5.} 51. Rb1+ Kc4 52. Ra1 Kb4 {Strongly threatening ...a5.} 53. Rb1+ Kc3 {aiming for ...a5.} 54. Ra1 Kb2 55. Ra5 Kb3 {Black wants to play ...Kb4.} 56. Ra1 $1 Kb4 57. Rb1+ Kc5 58. Ra1 Kb6 59. Rb1+ Ka7 {White must now prevent ...a5.} 60. Ra1 $1 Rf4 61. Kg3 {Cut Off at move 61} Rb4 62. f3 Rb5 63. Rh1 Rb6 64. Ra1 Kb7 65. Kf4 Rf6+ 66. Ke4 Re6+ 67. Kf5 Rb6 68. f4 Kc7 69. Ke5 Kd7 70. Kf5 Ke7 71. Ke5 Rb5+ 72. Ke4 a5 73. Kf3 (73. Rc1 $1 $11) 73... Kd6 ({Black should play} 73... Kf6 $17) 74. Rd1+ Kc5 {Threatens to win with ...a4.} 75. Rd7 a4 {And now ...a3 would win.} 76. Rxf7 Ra5 {...a3 is the strong threat.} 77. Rh7 $2 {[%mdl 8192]} (77. Rf5+ $11 Kb4 78. Rxa5 Kxa5 79. g5 hxg5 80. fxg5) 77... a3 78. Rxh6 a2 {Black mates.} 79. Rh1 a1=Q 80. Rxa1 Rxa1 81. Ke4 Kd6 82. Kf5 Ke7 83. Kg6 Kf8 {Weighted Error Value: White=0.10/Black=0.11} 0-1

[Event "Speed Chess Championship 2020"]
[Site "Online"]
[Date "2020.11.19"]
[Round "2.22"]
[White "Duda, Jan-Krzysztof"]
[Black "So, Wesley"]
[Result "1-0"]
[WhiteElo "2743"]
[BlackElo "2816"]
[Annotator "TA"]
[PlyCount "99"]
[EventDate "2020.10.31"]
[EventType "k.o."]
[EventCountry "NET"]
[SourceTitle "playchess.com"]
[Source "ChessBase"]
[SourceQuality "1"]

{[%evp 12,98,17,-12,8,-28,-19,-49,-47,-31,-20,-20,-8,-40,0,0,0,0,33,-56,-52,-36,-6,-14,70,-35,0,0,0,0,0,0,0,-8,18,-74,36,51,68,50,303,300,316,313,504,521,521,514,473,378,471,466,487,490,489,469,480,460,659,642,831,809,5991,5926,5117,5014,29966,7899,29976,29978,29974,29975,29979,29980,29986,29985,29989,29990,29991,29990,29990,29991,29992,29992,29994,29989,29998,29999,29999]} 1. e4 e5 2. f4 d5 3. exd5 exf4 4. Nf3 Nf6 5. Bc4 Be7 6. O-O O-O 7. Nc3 c6 {C29: Vienna Game: 2...Nf6 3 f4.} 8. dxc6 Nxc6 {[#]} 9. d3 $146 ({Predecessor:} 9. d4 Bg4 10. Bxf4 Bxf3 11. Rxf3 Qxd4+ 12. Qxd4 Nxd4 13. Rf2 Bc5 14. Kf1 Ng4 15. Rd2 {½-½ (32) Ventimiglia,C-Standish,M IECG email 2000}) 9... Bd6 {Black is slightly better.} 10. Ng5 Bg4 11. Qe1 Ne5 {Threatens to win with ...Re8.} 12. Bb3 h6 (12... Ng6 {is more complex.} 13. Kh1 Be5 14. Bd2 h6 15. Nf3 Bc7) 13. Nge4 Nxe4 14. Nxe4 Ng6 15. Qf2 (15. Nxd6 $14 Qxd6 16. Qf2) 15... Bc7 {Hoping for ...Bb6.} 16. Kh1 Bb6 17. Qe1 Qc7 {[#]} (17... Kh7 $11) 18. a4 (18. Bxf4 $1 $14 {[%mdl 512]} Nxf4 19. Qg3 {[%mdl 64] Double Attack}) 18... a5 19. Qc3 Be2 20. Qxc7 Bxc7 21. Rf2 Bg4 22. Bd2 Kh7 23. Raf1 (23. Nc3 $11 {keeps the balance.}) 23... b6 ({Black should play} 23... Bb6 $17) 24. Nc3 $14 {[%cal Be4c3,Bc3d5,Bd5f4][%mdl 32]} Be5 25. Nd5 Bd4 $2 {[%mdl 8192] This move loses the game for Black.} ({Better is} 25... Ra7 $14) 26. Rxf4 $18 Nxf4 27. Rxf4 {[%mdl 64] [#] Double Attack} Rae8 $2 (27... Bxb2 28. Rxg4 f5) 28. Rxd4 Re2 29. Bc3 Be6 30. Nf4 Rf2 {[%cal Rf2f1]} 31. Kg1 Bxb3 32. Kxf2 Bxc2 33. Rd6 Bxa4 34. Rxb6 g5 (34... Kg8 $142 35. Bxa5 Re8) 35. Nd5 f5 36. Nf6+ Kg6 37. Nd7+ {[%mdl 64] Discovered Attack} Kf7 38. Rf6+ {[%mdl 64] Double Attack} Ke7 39. Nxf8 Bb3 40. Ng6+ {White mates.} Kd7 41. Rxf5 a4 42. Rf6 Kc7 43. Ne5 Bd5 44. Ba5+ Kb7 45. Rb6+ Kc7 46. Rxh6+ Kb7 47. Rd6 Bb3 48. Rb6+ Ka7 49. Nc6+ Ka8 50. Rb8# {Weighted Error Value: White=0.26/Black=1.02} 1-0